00862 2200265 4500001002100000005001500021035002000036007000300056008004100059020001800100084001500118245014500133250001200278300003800290264005200328336002100380337003000401338002300431100001400454700003100468700002600499700003000525110002800555990001300583INLIS00000000112004320221124024303 a0010-1122000438ta221124 0 ind  a9789790117419 aD 12/610611 aKatalog FEKON, FISIP, FMIPA, FKIP Non Pendas /cTim Universitas Terbuka, Sri Listyorini (Editor), M. Priono (Editor), Suryo Prabowo (Editor) aEdisi 1 a452 Halaman :bilustrasi ;c21 cm aTangerang Selatan :bUniversitas Terbuka,c2012 2rdacontentaTeks 2rdamediaaTanpa Perantara 2rdacarrieraVolume ePengarang0 aSri ListyoriniePenyunting0 aM. PrionoePenyunting0 aSuryo PrabowoePenyunting0 aTim Universitas Terbuka a12/61061